Statistics for Countries Smaller Than 1,000 Square Miles

Click here to take the quiz!

General Stats

  • This quiz has been taken 20 times
  • The average score is 23 of 25

Answer Stats

Square MilesAnswer% Correct
62Liechtenstein
100%
.78Monaco
100%
238Saint Lucia
100%
150Saint Vincent and the Grenadines
100%
276Singapore
100%
.17Vatican City
100%
181Andorra
95%
171Antigua and Barbuda
95%
166Barbados
95%
133Grenada
95%
313Kiribati
95%
115Maldives
95%
8Nauru
95%
177Palau
95%
101Saint Kitts and Nevis
95%
24San Marino
95%
288Tonga
95%
10Tuvalu
95%
295Bahrain
89%
290Dominica
89%
271Federated States of Micronesia
84%
122Malta
84%
70Marshall Islands
84%
176Seychelles
84%
386São Tomé and Príncipe
79%

Score Distribution

Percentile by Number Answered

Percent of People with Each Score

Your Score History

You have not taken this quiz